[Event "1st FIDE OWCCCC Pools-East 2021"]
[Site "Online"]
[Date "2021.02.20"]
[Round "6.32"]
[White "Pochesteva, Irina"]
[Black "Drzewiecki, Sebastian"]
[Result "1-0"]
[WhiteElo "1481"]
[BlackElo "1327"]
[Annotator "NA"]
[PlyCount "107"]
[EventDate "2021.02.19"]
[EventType "team-tourn"]
[EventCountry "NET"]
[SourceTitle "playchess.com"]
[Source "ChessBase"]
[SourceQuality "1"]

1. f4 d5 2. Nf3 Nc6 3. e3 Nf6 4. b3 Bg4 5. Bb2 e6 6. Bb5 a6 7. Bxc6+ bxc6 8. O-O c5 9. d3 d4 10. e4 Nh5 11. g3 g6 12. Nbd2 Bg7 13. Qe1 O-O 14. Nc4 f6 15. Ba3 Bxf3 16. Rxf3 Bh8 17. Bxc5 Rf7 18. Qf2 Ng7 19. Bxd4 Ne8 20. Bb2 Nd6 21. Ne3 Qd7 22. Ng4 Bg7 23. e5 f5 24. Ne3 Nc8 25. Nc4 Bf8 26. Kf1 Qc6 27. Qg2 Nb6 28. Nd2 Qxc2 29. Nc4 Qxg2+ 30. Kxg2 Rd7 31. d4 Rad8 32. Nxb6 cxb6 33. Rc1 b5 34. Rc6 Kf7 35. Rxa6 Bb4 36. Rb6 Rc7 37. Rxb5 Rc2+ 38. Rf2 Rxf2+ 39. Kxf2 Be7 40. Ke2 Rc8 41. Kd1 Ke8 42. Rb6 Kd7 43. b4 Rc4 44. a3 Rc6 45. Rxc6 Kxc6 46. Bc3 Kb5 47. Kc2 Bd8 48. Kb3 Bb6 49. a4+ Kc6 50. Kc4 Ba7 51. b5+ Kb6 52. a5+ Kb7 53. a6+ Kb6 54. Bb4 1-0

[Event "1st FIDE OWCCCC Pools-East 2021"]
[Site "Online"]
[Date "2021.02.20"]
[Round "6.32"]
[White "Ferrara, Valeria"]
[Black "Lea Otic, Mahalia"]
[Result "1-0"]
[WhiteElo "1382"]
[BlackElo "1181"]
[Annotator "NA"]
[PlyCount "97"]
[EventDate "2021.02.19"]
[EventType "team-tourn"]
[EventCountry "NET"]
[SourceTitle "playchess.com"]
[Source "ChessBase"]
[SourceQuality "1"]

1. e4 e5 2. Nf3 d6 3. Bc4 Be6 4. Bxe6 fxe6 5. O-O Nc6 6. d4 exd4 7. Nxd4 Nxd4 8. Qxd4 e5 9. Qb4 Rb8 10. Nc3 a6 11. Be3 Nf6 12. Ba7 Rc8 13. Qxb7 Be7 14. Qxa6 O-O 15. Qe2 d5 16. exd5 Qd6 17. Rad1 c6 18. dxc6 Qxc6 19. Qxe5 Rfd8 20. Rxd8+ Bxd8 21. Re1 h6 22. Qe6+ Qxe6 23. Rxe6 Ba5 24. Re3 Bxc3 25. Rxc3 Ra8 26. Bd4 Rxa2 27. h3 Ne4 28. Rc8+ Kh7 29. Rc7 Ra1+ 30. Kh2 Rd1 31. Bxg7 Kg6 32. Bc3 Nxf2 33. Rg7+ Kh5 34. g4+ Nxg4+ 35. Rxg4 Rc1 36. Rg2 Kh4 37. b4 Rb1 38. Rg4+ Kh5 39. Rg1 Rxg1 40. Kxg1 Kh4 41. Kh2 h5 42. b5 Kg5 43. b6 h4 44. b7 Kh5 45. b8=Q Kg6 46. Qf8 Kh5 47. Qf5+ Kh6 48. Qf6+ Kh7 49. Qg7# 1-0

[Event "1st FIDE OWCCCC Pools-East 2021"]
[Site "Online"]
[Date "2021.02.20"]
[Round "6.33"]
[White "Garcia Paolicchi, Raul"]
[Black "B K, Kumara keshav"]
[Result "0-1"]
[WhiteElo "2094"]
[BlackElo "1993"]
[Annotator "NA"]
[PlyCount "76"]
[EventDate "2021.02.19"]
[EventType "team-tourn"]
[EventCountry "NET"]
[SourceTitle "playchess.com"]
[Source "ChessBase"]
[SourceQuality "1"]

1. d4 Nf6 2. c4 g6 3. Nc3 Bg7 4. e4 d6 5. h3 O-O 6. Nf3 Na6 7. Bd3 e5 8. dxe5 dxe5 9. Nxe5 Nxe4 10. Nxe4 Bxe5 11. O-O Bf5 12. Bh6 Re8 13. Qb3 Bxe4 14. Bxe4 Nc5 15. Qf3 Nxe4 16. Rfe1 Qh4 17. Rxe4 Qxh6 18. Rae1 f6 19. Qb3 Qg7 20. Qxb7 Rad8 21. Kh1 Qf7 22. Qc6 Re6 23. Qa4 Rde8 24. Qxa7 Bd6 25. Rxe6 Rxe6 26. Qa8+ Kg7 27. Rd1 Qe7 28. g3 Re2 29. Kg2 Rxb2 30. a4 Qe2 31. Rf1 Rb3 32. Kg1 Bxg3 33. Qg2 Bd6 34. h4 Rb2 35. h5 g5 36. Qg4 Qe5 37. Qd7+ Kh6 38. Qg4 Qh2# 0-1

[Event "1st FIDE OWCCCC Pools-East 2021"]
[Site "Online"]
[Date "2021.02.20"]
[Round "6.33"]
[White "Gailliegue, Florian"]
[Black "Agrawal, Aseem"]
[Result "1-0"]
[WhiteElo "2049"]
[BlackElo "1419"]
[Annotator "NA"]
[PlyCount "115"]
[EventDate "2021.02.19"]
[EventType "team-tourn"]
[EventCountry "NET"]
[SourceTitle "playchess.com"]
[Source "ChessBase"]
[SourceQuality "1"]

1. e4 e5 2. Nf3 Nc6 3. Bb5 d6 4. d4 Bd7 5. O-O Nf6 6. Nc3 a6 7. Bc4 Be7 8. a4 exd4 9. Nxd4 O-O 10. h3 Re8 11. Be3 Ne5 12. Ba2 c5 13. Nf3 Nxf3+ 14. Qxf3 Bc6 15. Rad1 Qc7 16. Bf4 Rad8 17. Rfe1 Bf8 18. Bg5 Be7 19. Qe2 Nd7 20. Be3 Nf6 21. f3 Nd7 22. f4 Bf6 23. Qc4 Re7 24. Bf2 Bxc3 25. bxc3 b5 26. axb5 axb5 27. Qd3 c4 28. Qxd6 Qxd6 29. Rxd6 Bxe4 30. Bh4 f6 31. Rd4 Rde8 32. Kh2 Nc5 33. Rb1 Bc6 34. Bxc4+ bxc4 35. Rxc4 Bxg2 36. Kxg2 Ne6 37. Bf2 g5 38. f5 Ng7 39. Rc5 Re5 40. Rbb5 Nxf5 41. Rxe5 Rxe5 42. Rxe5 fxe5 43. Kf3 Nd6 44. Bg3 Nf7 45. Ke4 Kf8 46. Bxe5 Nxe5 47. Kxe5 Kf7 48. Kf5 h6 49. c4 Ke7 50. c5 Kd7 51. Kg6 Kc6 52. Kxh6 Kxc5 53. Kxg5 Kd5 54. h4 Kc4 55. h5 Kc3 56. h6 Kxc2 57. h7 Kd3 58. h8=Q 1-0

[Event "1st FIDE OWCCCC Pools-East 2021"]
[Site "Online"]
[Date "2021.02.20"]
[Round "6.33"]
[White "Levitan, Ronit"]
[Black "Yerbolat, Yerzhan"]
[Result "1-0"]
[WhiteElo "2048"]
[BlackElo "1413"]
[Annotator "NA"]
[PlyCount "59"]
[EventDate "2021.02.19"]
[EventType "team-tourn"]
[EventCountry "NET"]
[SourceTitle "playchess.com"]
[Source "ChessBase"]
[SourceQuality "1"]

1. e4 c5 2. c3 Nc6 3. d4 cxd4 4. cxd4 d5 5. exd5 Qxd5 6. Nf3 Bg4 7. Nc3 Qd8 8. d5 Ne5 9. Nxe5 Bd7 10. Nxd7 Qxd7 11. Bb5 O-O-O 12. Bxd7+ Rxd7 13. Qf3 Nf6 14. Bg5 h6 15. Bxf6 exf6 16. O-O Bd6 17. Nb5 Kb8 18. Nxd6 Rxd6 19. Rfe1 Rhd8 20. Qg3 a6 21. Rac1 Ka7 22. Qe3+ Ka8 23. Rc7 Rb8 24. Qc5 Rdd8 25. d6 g5 26. d7 h5 27. Qb6 f5 28. Re8 Rxe8 29. dxe8=Q f4 30. Qxb7# 1-0

[Event "1st FIDE OWCCCC Pools-East 2021"]
[Site "Online"]
[Date "2021.02.20"]
[Round "6.33"]
[White "Nagy Wafa, Shahenda"]
[Black "Zunino, Davide"]
[Result "1/2-1/2"]
[WhiteElo "1992"]
[BlackElo "1999"]
[Annotator "NA"]
[PlyCount "256"]
[EventDate "2021.02.19"]
[EventType "team-tourn"]
[EventCountry "NET"]
[SourceTitle "playchess.com"]
[Source "ChessBase"]
[SourceQuality "1"]

1. e4 g6 2. d4 Bg7 3. Nc3 d6 4. f4 e6 5. Nf3 Ne7 6. Be3 a6 7. a4 b6 8. Bd3 Bb7 9. O-O Nd7 10. f5 exf5 11. exf5 Nf6 12. Qe1 O-O 13. Qh4 Ned5 14. Bg5 Nxc3 15. bxc3 d5 16. Ne5 Qd6 17. Bh6 c5 18. Bxg7 Kxg7 19. Ng4 Nxg4 20. Qxg4 c4 21. f6+ Kh8 22. Be2 Bc8 23. Qg5 Bd7 24. Qh6 Rg8 25. Qg5 Rae8 26. Rae1 Bxa4 27. Rf4 Re4 28. Rxe4 dxe4 29. Bg4 Bxc2 30. Re3 Re8 31. Rh3 Qf8 32. Qh4 Qg8 33. Bd7 Rd8 34. Bc6 b5 35. Bxe4 Bxe4 36. Qxe4 Qe8 37. Qh4 Qg8 38. Qg5 Qe8 39. Re3 Qf8 40. Qe5 h5 41. g4 Qh6 42. g5 Qf8 43. d5 Qc5 44. Qe7 Qxd5 45. Kf2 Qd2+ 46. Kf3 Qd1+ 47. Kf4 Qd5 48. Qe5 Qd7 49. h3 Qb7 50. Qe7 Qb8+ 51. Kf3 Rf8 52. Re4 Qa8 53. Qd6 b4 54. Qxb4 Re8 55. Qxc4 Qd8 56. Qd4 Qa8 57. Kf4 a5 58. Qe3 Rd8 59. Rd4 Qb8+ 60. Kf3 Re8 61. Qd3 Qh2 62. Rd8 Qxh3+ 63. Kf2 Qxd3 64. Rxd3 Re5 65. Rd8+ Kh7 66. Rf8 Rf5+ 67. Ke3 Rxg5 68. Rxf7+ Kg8 69. Ra7 Rf5 70. f7+ Rxf7 71. Rxa5 h4 72. Ra1 Kg7 73. c4 g5 74. c5 g4 75. Ra4 Rf3+ 76. Ke2 Rc3 77. Rxg4+ Kf6 78. Rxh4 Rxc5 79. Rh6+ Kg5 80. Rh8 Rf5 81. Ke3 Rf6 82. Ke4 Re6+ 83. Kd5 Re1 84. Rg8+ Kf6 85. Kd4 Rd1+ 86. Kc3 Rc1+ 87. Kd4 Rd1+ 88. Ke4 Re1+ 89. Kf3 Rf1+ 90. Ke2 Rf5 91. Ke3 Re5+ 92. Kd4 Re1 93. Ra8 Rd1+ 94. Ke3 Re1+ 95. Kf2 Re6 96. Kf3 Rc6 97. Ke4 Re6+ 98. Kf4 Rc6 99. Ke4 Rc4+ 100. Kd5 Rc1 101. Rf8+ Ke7 102. Rf2 Rd1+ 103. Ke5 Re1+ 104. Kf5 Rh1 105. Ra2 Kd6 106. Rd2+ Kc5 107. Rc2+ Kd4 108. Rd2+ Ke3 109. Ra2 Rf1+ 110. Ke5 Rh1 111. Ra3+ Kd2 112. Ra2+ Kc3 113. Ra3+ Kb4 114. Rg3 Kc4 115. Rg4+ Kd3 116. Rg3+ Ke2 117. Kf4 Rf1+ 118. Ke4 Rf2 119. Ra3 Kf1 120. Ke3 Re2+ 121. Kf3 Rf2+ 122. Kg3 Rg2+ 123. Kh3 Rd2 124. Ra1+ Kf2 125. Ra8 Rd3+ 126. Kg4 Rd4+ 127. Kf5 Rb4 128. Ra2+ Ke3 1/2-1/2

[Event "1st FIDE OWCCCC Pools-East 2021"]
[Site "Online"]
[Date "2021.02.20"]
[Round "6.33"]
[White "Dagva, Munkhtur"]
[Black "Fernandez, Dandel"]
[Result "0-1"]
[WhiteElo "1761"]
[BlackElo "2003"]
[Annotator "NA"]
[PlyCount "78"]
[EventDate "2021.02.19"]
[EventType "team-tourn"]
[EventCountry "NET"]
[SourceTitle "playchess.com"]
[Source "ChessBase"]
[SourceQuality "1"]

1. d4 Nf6 2. Bf4 e6 3. Nf3 b6 4. e3 Bb7 5. Nbd2 Be7 6. Bd3 d6 7. h3 h6 8. O-O Nbd7 9. c3 g5 10. Bh2 Rg8 11. e4 g4 12. hxg4 Nxg4 13. Qe2 Nxh2 14. Kxh2 Bg5 15. d5 Qf6 16. Bb5 Rd8 17. e5 dxe5 18. Nxe5 Bf4+ 19. g3 Bxe5 20. f4 Bd6 21. Ne4 Qg6 22. Rae1 Bxd5 23. Qf3 Kf8 24. Bd3 f5 25. c4 Bxe4 26. Bxe4 fxe4 27. Rxe4 Nc5 28. Re3 a5 29. a3 a4 30. Kh3 h5 31. f5 Qg4+ 32. Qxg4 hxg4+ 33. Kg2 e5 34. f6 Kf7 35. Rh1 Rh8 36. Rf1 Rh3 37. Rf5 Rdh8 38. Kf2 Ne6 39. Ke2 Nd4+ 0-1

[Event "1st FIDE OWCCCC Pools-East 2021"]
[Site "Online"]
[Date "2021.02.20"]
[Round "6.34"]
[White "Gennaro, Isabella"]
[Black "Zohaib Hassan, Mohamed"]
[Result "1-0"]
[WhiteElo "1801"]
[BlackElo "2275"]
[Annotator "NA"]
[PlyCount "79"]
[EventDate "2021.02.19"]
[EventType "team-tourn"]
[EventCountry "NET"]
[SourceTitle "playchess.com"]
[Source "ChessBase"]
[SourceQuality "1"]

1. e4 d6 2. d4 Nf6 3. Nc3 g6 4. Be2 Bg7 5. Be3 Nbd7 6. f4 e5 7. Nf3 O-O 8. O-O Ng4 9. Bc1 c6 10. h3 exd4 11. Nxd4 Ngf6 12. f5 Qb6 13. Kh1 Nc5 14. Bf3 Re8 15. fxg6 hxg6 16. Be3 Qxb2 17. Qd2 Qb6 18. Rab1 Qc7 19. Bh6 Nfxe4 20. Nxe4 Nxe4 21. Bxe4 Rxe4 22. Bxg7 Kxg7 23. Qc3 Re5 24. Nf3 Be6 25. Nxe5 dxe5 26. Rbe1 f6 27. Qf3 Qe7 28. a3 Rh8 29. Rd1 Bd5 30. Qg3 Qe6 31. Kh2 e4 32. c4 Bxc4 33. Rd6 Qe5 34. Qxe5 fxe5 35. Rd7+ Kh6 36. Re1 Bd5 37. Rxb7 Rf8 38. Rxa7 Rf2 39. Kg3 Ra2 40. a4 1-0

[Event "1st FIDE OWCCCC Pools-East 2021"]
[Site "Online"]
[Date "2021.02.20"]
[Round "6.34"]
[White "Sartayev, Timur"]
[Black "White, John S."]
[Result "1-0"]
[WhiteElo "1662"]
[BlackElo "2235"]
[Annotator "NA"]
[PlyCount "93"]
[EventDate "2021.02.19"]
[EventType "team-tourn"]
[EventCountry "NET"]
[SourceTitle "playchess.com"]
[Source "ChessBase"]
[SourceQuality "1"]

1. e3 f5 2. c4 Nf6 3. d4 g6 4. Nc3 Bg7 5. Nf3 O-O 6. Bd3 d6 7. O-O Qe8 8. Nb5 Na6 9. Re1 c6 10. Nc3 e5 11. e4 f4 12. dxe5 dxe5 13. h3 Bd7 14. a3 Rd8 15. b4 h6 16. Bb2 g5 17. Qc2 Kh7 18. Rad1 g4 19. hxg4 Bxg4 20. Be2 Qh5 21. Rxd8 Rxd8 22. Rd1 Re8 23. c5 Nc7 24. a4 Qg6 25. Nh4 Qh5 26. Bxg4 Nxg4 27. Nf3 Ne6 28. Rd7 Nd4 29. Rxd4 exd4 30. Ne2 Ne5 31. Nxe5 Bxe5 32. Bxd4 Rg8 33. Bxe5 Qxe5 34. f3 h5 35. Qd2 Qg5 36. Nxf4 Rf8 37. Qd7+ Qg7 38. Qxg7+ Kxg7 39. Ne6+ Kf7 40. Nxf8 Kxf8 41. f4 Kg7 42. Kh2 Kf6 43. Kh3 b6 44. Kh4 a5 45. cxb6 axb4 46. b7 b3 47. b8=Q 1-0

[Event "1st FIDE OWCCCC Pools-East 2021"]
[Site "Online"]
[Date "2021.02.20"]
[Round "6.34"]
[White "Bhavsar, Dipen K"]
[Black "Valiente Roy, Jose Javier"]
[Result "1-0"]
[WhiteElo "1596"]
[BlackElo "2009"]
[Annotator "NA"]
[PlyCount "55"]
[EventDate "2021.02.19"]
[EventType "team-tourn"]
[EventCountry "NET"]
[SourceTitle "playchess.com"]
[Source "ChessBase"]
[SourceQuality "1"]

1. e4 e5 2. f4 exf4 3. Nf3 d5 4. exd5 Qxd5 5. Nc3 Qd8 6. Bc4 Bc5 7. d4 Bd6 8. O-O Nf6 9. Re1+ Be7 10. Bxf4 c6 11. Qe2 Bg4 12. Rad1 Be6 13. Bxe6 fxe6 14. Qxe6 Qd7 15. Qb3 Nd5 16. Bg5 O-O 17. Rxe7 Qd6 18. Nxd5 cxd5 19. Qxb7 Nd7 20. Rxd7 Qg6 21. Qxd5+ Kh8 22. Ne5 Qh5 23. Nf3 h6 24. Be7 Qxd5 25. Rxd5 Rfe8 26. Bc5 Re2 27. Rd2 Re4 28. Ne5 1-0

[Event "1st FIDE OWCCCC Pools-East 2021"]
[Site "Online"]
[Date "2021.02.20"]
[Round "6.34"]
[White "Chaouche, Adel"]
[Black "Amgalan, Ganbaatar"]
[Result "0-1"]
[WhiteElo "1442"]
[BlackElo "1949"]
[Annotator "NA"]
[PlyCount "80"]
[EventDate "2021.02.19"]
[EventType "team-tourn"]
[EventCountry "NET"]
[SourceTitle "playchess.com"]
[Source "ChessBase"]
[SourceQuality "1"]

1. e4 d6 2. d4 Nf6 3. Bd3 Nbd7 4. Nf3 e5 5. O-O Be7 6. c4 O-O 7. d5 Nc5 8. Re1 Nxd3 9. Qxd3 h6 10. h3 Nh7 11. Nc3 a6 12. a4 f5 13. c5 Ng5 14. Nxg5 Bxg5 15. cxd6 cxd6 16. Bxg5 Qxg5 17. Qg3 Qf6 18. f3 f4 19. Qf2 Qg5 20. Kh1 Rf6 21. Rac1 Qh5 22. Kh2 Rg6 23. Ne2 Bd7 24. b3 Rd8 25. Rc7 b5 26. a5 b4 27. Rec1 Bb5 28. Rc8 Qg5 29. Rxd8+ Qxd8 30. Qb6 Qg5 31. Qf2 Qd8 32. Qb6 Qh4 33. Qb8+ Kh7 34. Rc8 Rf6 35. Rh8+ Kg6 36. Ng1 Qg3+ 37. Kh1 Bf1 38. Qe8+ Kg5 39. h4+ Kxh4 40. Qg6 Rxg6 0-1

[Event "1st FIDE OWCCCC Pools-East 2021"]
[Site "Online"]
[Date "2021.02.20"]
[Round "6.34"]
[White "Lakra, Sumita"]
[Black "FI-BONNET"]
[Result "0-1"]
[WhiteElo "952"]
[BlackElo "1358"]
[Annotator "NA"]
[PlyCount "72"]
[EventDate "2021.02.19"]
[EventType "team-tourn"]
[EventCountry "NET"]
[SourceTitle "playchess.com"]
[Source "ChessBase"]
[SourceQuality "1"]

1. e4 c5 2. Nf3 Nc6 3. Bb5 g6 4. c3 Bg7 5. b4 cxb4 6. Bxc6 bxc6 7. a3 bxc3 8. Nxc3 e5 9. Na4 Ne7 10. Rb1 O-O 11. O-O d5 12. d3 h6 13. Qb3 Ba6 14. Nc5 dxe4 15. Nd2 Bxd3 16. Rd1 Bxb1 17. Qxb1 e3 18. fxe3 Qb6 19. Qxb6 axb6 20. Nce4 f5 21. Nd6 Rfd8 22. N2c4 Nc8 23. Bb2 b5 24. Bxe5 bxc4 25. Nxc8 Rxd1+ 26. Kf2 Rxc8 27. Bxg7 Kxg7 28. g3 c3 29. h3 c2 30. a4 c1=Q 31. a5 Rf1+ 32. Ke2 Qe1+ 33. Kd3 Rd8+ 34. Kc4 Qc1+ 35. Kb4 Rb8+ 36. Ka4 Qa1# 0-1

[Event "1st FIDE OWCCCC Pools-East 2021"]
[Site "Online"]
[Date "2021.02.20"]
[Round "6.35"]
[White "Gan-Od, Sereenen"]
[Black "Gawid, Antonio"]
[Result "1-0"]
[WhiteElo "2320"]
[BlackElo "1640"]
[Annotator "NA"]
[PlyCount "85"]
[EventDate "2021.02.19"]
[EventType "team-tourn"]
[EventCountry "NET"]
[SourceTitle "playchess.com"]
[Source "ChessBase"]
[SourceQuality "1"]

1. d4 Nf6 2. Nf3 g6 3. c4 Bg7 4. Nc3 d6 5. e4 Nc6 6. d5 Ne5 7. Nxe5 dxe5 8. Be2 O-O 9. O-O c6 10. Be3 cxd5 11. cxd5 b6 12. Qa4 Bd7 13. Qa3 Ng4 14. Bg5 f6 15. Bh4 Nh6 16. Rfd1 Bg4 17. f3 Bd7 18. d6 e6 19. Nb5 Bxb5 20. Bxb5 g5 21. Bg3 f5 22. Qb3 f4 23. Qxe6+ Kh8 24. Bf2 Rf6 25. Qe7 Nf7 26. Qxd8+ Rxd8 27. d7 Nd6 28. a4 a6 29. Bxb6 Rff8 30. Bxd8 Rxd8 31. Rxd6 axb5 32. axb5 Bf8 33. Rd5 Bg7 34. Ra8 Rxa8 35. d8=Q+ Rxd8 36. Rxd8+ Bf8 37. Rxf8+ Kg7 38. Rc8 Kf7 39. b6 Ke7 40. b7 Kd7 41. b8=Q h5 42. Rc7+ Ke6 43. Qb6# 1-0

[Event "1st FIDE OWCCCC Pools-East 2021"]
[Site "Online"]
[Date "2021.02.20"]
[Round "6.35"]
[White "Shishkin, Aleksey A."]
[Black "Dauletova, Gulmira"]
[Result "1/2-1/2"]
[WhiteElo "2155"]
[BlackElo "2285"]
[Annotator "NA"]
[PlyCount "131"]
[EventDate "2021.02.19"]
[EventType "team-tourn"]
[EventCountry "NET"]
[SourceTitle "playchess.com"]
[Source "ChessBase"]
[SourceQuality "1"]

1. e4 e5 2. Nf3 Nc6 3. Bc4 Bc5 4. O-O Nf6 5. c3 d6 6. d4 Bb6 7. dxe5 dxe5 8. Qxd8+ Kxd8 9. Bg5 Ke7 10. Bd5 h6 11. Bh4 Be6 12. Bxc6 bxc6 13. Nxe5 g5 14. Bg3 Nxe4 15. Nxc6+ Kf8 16. Na3 Nxg3 17. hxg3 Bd5 18. Ne5 Kg7 19. Nac4 f6 20. Nxb6 axb6 21. Nf3 Bxa2 22. Nd4 Bc4 23. Rxa8 Rxa8 24. Re1 Kf8 25. Ne6+ Kf7 26. Nxc7 Rc8 27. b3 Bxb3 28. Nb5 Rc5 29. Nd6+ Kg6 30. Ne4 Rc6 31. Rc1 Bd5 32. f3 Bxe4 33. fxe4 Rc4 34. Rb1 Rxe4 35. Rxb6 Re3 36. Kf2 Rxc3 37. Rb5 f5 38. Rb6+ Kh5 39. Rb5 Kg4 40. Rb4+ f4 41. gxf4 gxf4 42. Rb6 Rc2+ 43. Kf1 h5 44. Rg6+ Kf5 45. Rg8 Rc6 46. Kf2 Rg6 47. Rf8+ Kg4 48. Rf7 Rg8 49. Rb7 Kf5 50. Rb5+ Kg4 51. Rb7 Ra8 52. Rg7+ Kf5 53. Rh7 Ra2+ 54. Kf3 Ra3+ 55. Kf2 Kg4 56. Rg7+ Kh4 57. Rf7 Kg5 58. Rg7+ Kf6 59. Rh7 Kg6 60. Rh8 Kg5 61. Rg8+ Kf5 62. Rh8 Kg4 63. Rg8+ Kf5 64. Rh8 Ra2+ 65. Kf3 Ra3+ 66. Kf2 1/2-1/2

[Event "1st FIDE OWCCCC Pools-East 2021"]
[Site "Online"]
[Date "2021.02.20"]
[Round "6.35"]
[White "Haas, Jacques"]
[Black "Sardhara, Preet"]
[Result "0-1"]
[WhiteElo "1836"]
[BlackElo "1647"]
[Annotator "NA"]
[PlyCount "42"]
[EventDate "2021.02.19"]
[EventType "team-tourn"]
[EventCountry "NET"]
[SourceTitle "playchess.com"]
[Source "ChessBase"]
[SourceQuality "1"]

1. Nf3 d5 2. d4 Nf6 3. Bf4 Bf5 4. e3 e6 5. Nbd2 a6 6. h3 Bd6 7. Ne5 O-O 8. Ndf3 c5 9. c3 cxd4 10. exd4 h6 11. Be2 Nbd7 12. Nxf7 Rxf7 13. Bxd6 Ne4 14. Be5 Nxe5 15. Nxe5 Nxf2 16. Nxf7 Qh4 17. Qb3 Nxh1+ 18. Kd1 Nf2+ 19. Ke1 Ne4+ 20. Kd1 Qf4 21. Nxh6+ gxh6 0-1

[Event "1st FIDE OWCCCC Pools-East 2021"]
[Site "Online"]
[Date "2021.02.20"]
[Round "6.35"]
[White "Longas Gonzalez, Marta"]
[Black "Dixit, Vanishree"]
[Result "1-0"]
[WhiteElo "1423"]
[BlackElo "1307"]
[Annotator "NA"]
[PlyCount "129"]
[EventDate "2021.02.19"]
[EventType "team-tourn"]
[EventCountry "NET"]
[SourceTitle "playchess.com"]
[Source "ChessBase"]
[SourceQuality "1"]

1. d4 d5 2. c4 a6 3. Nc3 Nf6 4. Bg5 dxc4 5. e4 h6 6. Bxf6 gxf6 7. Bxc4 e5 8. Qh5 Qe7 9. Nd5 Be6 10. Nxe7 Bxc4 11. Nd5 Bd6 12. Nxf6+ Kd8 13. dxe5 Bb4+ 14. Kd1 Nc6 15. Qf5 Be6 16. Qf3 Nxe5 17. Qg3 Nc4 18. Qd3+ Nd6 19. e5 Ke7 20. Nd5+ Bxd5 21. Qxd5 Nb5 22. Kc2 Rad8 23. Qe4 Rd2+ 24. Kc1 a5 25. a3 Rd4 26. Qxb7 Bd2+ 27. Kb1 Nxa3+ 28. Rxa3 Bb4 29. Rf3 Rd1+ 30. Ka2 Rd7 31. Qb5 Rhd8 32. Nh3 Rd2 33. Qc4 R8d4 34. Qxf7+ Kd8 35. e6 Re2 36. Qg8+ Ke7 37. Qf7+ Kd8 38. Qf6+ Be7 39. Qxd4+ Bd6 40. Qd3 Rxe6 41. Rd1 Ke7 42. Qh7+ Kd8 43. Rxd6+ cxd6 44. Rf8+ Re8 45. Qf7 Rxf8 46. Qxf8+ Kd7 47. Qxh6 Kc6 48. Qf4 d5 49. Ng5 Kc5 50. h3 d4 51. h4 Kc4 52. h5 Kd3 53. h6 a4 54. h7 a3 55. h8=Q Ke2 56. Qhxd4 Kf1 57. Qfe4 Kg1 58. Qd1+ Kh2 59. Qh4+ Kxg2 60. Qhg4+ Kxf2 61. Qdd4+ Kf1 62. Qgf4+ Kg2 63. Qdd2+ Kg1 64. Qfe3+ Kh1 65. Qee1# 1-0

[Event "1st FIDE OWCCCC Pools-East 2021"]
[Site "Online"]
[Date "2021.02.20"]
[Round "6.36"]
[White "Majumder, Lokesh Chandra"]
[Black "Carballido Mateo, Ignacio"]
[Result "1-0"]
[WhiteElo "1821"]
[BlackElo "1581"]
[Annotator "NA"]
[PlyCount "157"]
[EventDate "2021.02.19"]
[EventType "team-tourn"]
[EventCountry "NET"]
[SourceTitle "playchess.com"]
[Source "ChessBase"]
[SourceQuality "1"]

1. e4 e5 2. Bc4 Nc6 3. d3 Nf6 4. h3 Bc5 5. c3 d6 6. a3 a6 7. Qf3 Qe7 8. Bg5 h6 9. Bxf6 Qxf6 10. Qxf6 gxf6 11. Nf3 Bd7 12. O-O f5 13. Nbd2 f4 14. b4 Bb6 15. Nh4 Rh7 16. Kh2 Rg7 17. b5 axb5 18. Bxb5 Na5 19. Bxd7+ Kxd7 20. Nf5 Rg6 21. d4 exd4 22. cxd4 Ke6 23. d5+ Ke5 24. f3 Kf6 25. Nh4 Rg7 26. Nf5 Rg5 27. Nxh6 Be3 28. Ng4+ Ke7 29. Nxe3 fxe3 30. Nb1 Rag8 31. Ra2 Nc4 32. Re1 f5 33. exf5 Rxf5 34. Nc3 Kd7 35. Ree2 Re8 36. Ne4 c6 37. dxc6+ bxc6 38. a4 Ra8 39. Ng3 Rfa5 40. Nf1 Rxa4 41. Rxa4 Rxa4 42. Nxe3 Ne5 43. Nf5 Ke6 44. Ng3 c5 45. Ne4 c4 46. Nc3 Ra3 47. Re3 d5 48. f4 d4 49. Rxe5+ Kf6 50. Nd5+ Kf7 51. Nb4 c3 52. Rd5 Rb3 53. Rxd4 Rb2 54. Rc4 Kf6 55. Nd5+ Ke6 56. Nxc3 Kf5 57. Kg3 Rb8 58. Rc5+ Kg6 59. Ne4 Kf7 60. Rg5 Rb3+ 61. Kg4 Rb2 62. g3 Rb3 63. Nd6+ Kf6 64. Nf5 Ra3 65. h4 Ra8 66. h5 Kf7 67. Rg6 Rh8 68. Kg5 Ke8 69. g4 Kf7 70. h6 Kf8 71. Nh4 Kf7 72. Rg7+ Kf8 73. f5 Ke8 74. Ng6 Rxh6 75. Kxh6 Kd8 76. Re7 Kc8 77. f6 Kd8 78. f7 Kc8 79. f8=Q# 1-0

[Event "1st FIDE OWCCCC Pools-East 2021"]
[Site "Online"]
[Date "2021.02.20"]
[Round "6.36"]
[White "Rajpara, Utsav"]
[Black "Wendehenne, Pauline"]
[Result "1-0"]
[WhiteElo "1523"]
[BlackElo "971"]
[Annotator "NA"]
[PlyCount "65"]
[EventDate "2021.02.19"]
[EventType "team-tourn"]
[EventCountry "NET"]
[SourceTitle "playchess.com"]
[Source "ChessBase"]
[SourceQuality "1"]

1. e4 e5 2. Nf3 Nf6 3. Nc3 Nc6 4. Bc4 Bc5 5. O-O O-O 6. h3 d6 7. d3 h6 8. Re1 a6 9. Be3 Re8 10. a3 b5 11. Bb3 b4 12. Nd5 Nxd5 13. Bxd5 Ne7 14. Bxa8 Be6 15. Bd5 c6 16. Bxe6 fxe6 17. Bxc5 dxc5 18. Nxe5 Nc8 19. axb4 Rf8 20. Re3 Qf6 21. Nf3 Ne7 22. e5 Qf5 23. Qe2 g5 24. bxc5 Nd5 25. Re4 g4 26. Rxg4+ Kh8 27. Nh4 Nf4 28. Qe3 Qh5 29. Rxf4 Rg8 30. Rxa6 Qg5 31. Rg4 h5 32. Rxg5 Rxg5 33. Qxg5 1-0

[Event "1st FIDE OWCCCC Pools-East 2021"]
[Site "Online"]
[Date "2021.02.20"]
[Round "6.36"]
[White "_AA2_Turkhanov"]
[Black "Shlafman, Shymon"]
[Result "0-1"]
[WhiteElo "1213"]
[BlackElo "1433"]
[Annotator "NA"]
[PlyCount "148"]
[EventDate "2021.02.19"]
[EventType "team-tourn"]
[EventCountry "NET"]
[SourceTitle "playchess.com"]
[Source "ChessBase"]
[SourceQuality "1"]

1. e4 e5 2. f4 Bc5 3. Nf3 d6 4. d4 exd4 5. Nxd4 Bxd4 6. Qxd4 Qf6 7. e5 dxe5 8. fxe5 Qd8 9. Qxd8+ Kxd8 10. Bc4 Be6 11. Bxe6 fxe6 12. O-O h6 13. Be3 Ne7 14. Nc3 Nbc6 15. Rad1+ Ke8 16. Nb5 Nd5 17. Bc5 a6 18. c4 axb5 19. cxd5 exd5 20. Rxd5 Rd8 21. Rxd8+ Nxd8 22. Re1 Ne6 23. b4 b6 24. Bf2 Ke7 25. Bh4+ g5 26. Bg3 Rd8 27. h4 Rd2 28. hxg5 hxg5 29. Ra1 Rd4 30. a3 Rd3 31. a4 Rxg3 32. a5 bxa5 33. bxa5 c5 34. a6 Nc7 35. a7 Na8 36. Ra5 Rb3 37. Ra6 b4 38. Rc6 Rc3 39. Rc8 Nb6 40. Rb8 Ra3 41. Rxb6 Rxa7 42. Rg6 Ra3 43. Rxg5 b3 44. Rg3 b2 45. Rxa3 b1=Q+ 46. Kh2 Qh7+ 47. Rh3 Qe4 48. Kh1 Qxe5 49. Rh7+ Kf6 50. Rh6+ Kg5 51. Rh3 Qe1+ 52. Kh2 c4 53. Rg3+ Qxg3+ 54. Kxg3 c3 55. Kf2 c2 56. Ke1 c1=Q+ 57. Kf2 Qc3 58. Ke2 Qa3 59. Kd2 Kf4 60. Kc2 Ke4 61. Kd2 Qg3 62. Kc2 Qxg2+ 63. Kc3 Qe2 64. Kb4 Qd1 65. Kc5 Ke5 66. Kc6 Ke6 67. Kc5 Ke5 68. Kc4 Qd4+ 69. Kb5 Qc3 70. Kb6 Kd5 71. Kb7 Kd6 72. Kb6 Qb4+ 73. Ka6 Kc6 74. Ka7 Qb7# 0-1